Statistics for One Word Birds of North America

Click here to take the quiz!

General Stats

  • This quiz has been taken 56 times
  • The average score is 14 of 42

Answer Stats

Bird% Correct
Killdeer
76%
Osprey
67%
Anhinga
57%
Brant
57%
Mallard
57%
Merlin
52%
Bobolink
48%
Canvasback
48%
Gadwall
48%
Redhead
48%
Sora
48%
Bushtit
43%
Sanderling
43%
Bufflehead
38%
Ruff
38%
Willet
38%
Dickcissel
33%
Dunlin
33%
Gyrfalcon
33%
Limpkin
33%
Ovenbird
33%
Redwing
33%
Veery
33%
Whimbrel
33%
Dovekie
29%
Phainopepla
29%
Razorbill
29%
Smew
29%
Wrentit
29%
Brambling
24%
Fieldfare
24%
Garganey
24%
Pyrrhuloxia
24%
Bluethroat
19%
Chukar
19%
Surfbird
19%
Verdin
19%
Bananaquit
14%
Hawfinch
14%
Jabiru
14%
Sungrebe
10%
Stonechat
5%

Score Distribution

Percentile by Number Answered

Percent of People with Each Score

Your Score History

You have not taken this quiz